[Event "Mittelrhein Verbandsliga-N 17/18"]
[Site "Nordrheinwestfalen"]
[Date "2017.10.22"]
[Round "3.8"]
[White "Wenzke, Elias"]
[Black "Mizich, Vadim"]
[Result "1-0"]
[WhiteElo "1717"]
[BlackElo "1310"]
[PlyCount "47"]
[EventDate "2017.09.10"]
[EventType "team-swiss"]
[EventRounds "11"]
[EventCountry "GER"]
[SourceTitle "EXT 2022"]
[Source "ChessBase"]
[SourceDate "2021.10.06"]
[SourceVersion "1"]
[SourceVersionDate "2021.10.06"]
[SourceQuality "1"]
[WhiteTeam "Koeln Muelheim"]
[BlackTeam "Leverkusen Koenigsspringer"]
[WhiteTeamCountry "GER"]
[BlackTeamCountry "GER"]

1. e3 e5 2. d4 e4 3. c4 Nf6 4. Nc3 Bb4 5. Bd2 Bxc3 6. Bxc3 d5 7. Nh3 Bxh3 8. gxh3 c6 9. Rg1 0-0 10. cxd5 Nxd5 11. Qg4 g6 12. Qxe4 Re8 13. Qf3 Nxc3 14. bxc3 Qa5 15. Kd2 Qa3 16. Bc4 Re7 17. Rab1 Qd6 18. Rg3 a6 19. h4 b5 20. Bb3 Nd7 21. h5 Nf6 22. hxg6 hxg6 23. Rxg6+ Kf8 24. Rxf6 1-0

[Event "Leverkusen Bayer op 9th"]
[Site "Leverkusen"]
[Date "2011.04.11"]
[Round "7"]
[White "Jakobi, Reik"]
[Black "Mizich, Vadim"]
[Result "1-0"]
[WhiteElo "1663"]
[BlackElo "1072"]
[PlyCount "41"]
[EventDate "2011.01.10"]
[EventType "swiss"]
[EventRounds "7"]
[EventCountry "GER"]
[SourceTitle "EXT 2012"]
[Source "ChessBase"]
[SourceDate "2011.11.24"]
[SourceVersion "1"]
[SourceVersionDate "2011.11.24"]
[SourceQuality "1"]

1. e4 e5 2. Nf3 Nc6 3. Bc4 Bc5 4. c3 Nf6 5. d4 exd4 6. e5 Qe7 7. 0-0 Ng8 8. Bg5 Qf8 9. cxd4 Be7 10. Nc3 f6 11. exf6 Nxf6 12. Bxf6 Qxf6 13. Nd5 Qd6 14. Ne5 Nxe5 15. dxe5 Qc6 16. Rc1 Bg5 17. Qh5+ g6 18. Qxg5 b6 19. Nf6+ Kf8 20. Qh6+ Ke7 21. Qg7+ 1-0

[Event "Leverkusen Bayer op 9th"]
[Site "Leverkusen"]
[Date "2011.03.14"]
[Round "5"]
[White "Mizich, Vadim"]
[Black "Kayser, Manfred"]
[Result "0-1"]
[WhiteElo "1072"]
[BlackElo "1450"]
[PlyCount "56"]
[EventDate "2011.01.10"]
[EventType "swiss"]
[EventRounds "7"]
[EventCountry "GER"]
[SourceTitle "EXT 2012"]
[Source "ChessBase"]
[SourceDate "2011.11.24"]
[SourceVersion "1"]
[SourceVersionDate "2011.11.24"]
[SourceQuality "1"]

1. e4 c5 2. Nf3 d6 3. Bc4 Nc6 4. d4 cxd4 5. Nxd4 Nf6 6. Nxc6 bxc6 7. Nc3 Ng4 8. h3 Ne5 9. Bb3 e6 10. Bf4 Ng6 11. Qf3 Nxf4 12. Qxf4 Be7 13. 0-0 0-0 14. e5 d5 15. Rad1 Qc7 16. Ne2 Ba6 17. Rfe1 Bxe2 18. Rxe2 Rab8 19. c4 h6 20. Rc1 Bg5 21. Qg4 Bxc1 22. Rc2 Bg5 23. cxd5 exd5 24. Bxd5 Qxe5 25. Bxc6 Qe1+ 26. Kh2 Rb4 27. Qd7 Qe5+ 28. g3 Rxb2 0-1